000
00298pab a2200121 454500
008
180718b xxu||||| |||| 00| 0 eng d
100
_a
Rodrigues, Aruna
245
_a
Derail KRC's plan for coastal route
650
_a
Kokan Railways
650
_a
Railways
773
_a
Times of India
909
_a
21888
999
_c
21888
_d
21888